| 000 | 01750cam a22003734a 4500 | ||
|---|---|---|---|
| 001 | 12085391 | ||
| 005 | 20170105102858.0 | ||
| 008 | 000629s2000 cau b 001 0 eng | ||
| 010 | _a 00058337 | ||
| 020 | _a0804739900 (alk. paper) | ||
| 020 | _a0804741050 (paper : alk. paper) | ||
| 040 |
_aDLC _cDLC _dDLC |
||
| 042 | _apcc | ||
| 043 | _aa-ja--- | ||
| 050 | 0 | 0 |
_aPL714 _b.I58 2001 |
| 082 | 0 | 0 |
_a895.6/09 _221 |
| 245 | 0 | 0 |
_aInventing the classics : _bmodernity, national identity, and Japanese literature / _cedited by Haruo Shirane and Tomi Suzuki. |
| 260 |
_aStanford, Calif. : _bStanford University Press, _cc2000. |
||
| 300 |
_axiii, 333 p. ; _c24 cm. |
||
| 504 | _aIncludes bibliographical references (p. 301-319) and index. | ||
| 650 | 0 |
_aJapanese literature _xHistory and criticism. |
|
| 650 | 0 |
_aNationalism and literature _zJapan. |
|
| 650 | 0 | _aIdeology and literature. | |
| 650 | 0 |
_aNationalism and education _zJapan. |
|
| 700 | 1 |
_aShirane, Haruo, _d1951- |
|
| 700 | 1 |
_aSuzuki, Tomi, _d1951- |
|
| 856 | 4 | 2 |
_3Book review (H-Net) _uhttp://www.h-net.org/review/hrev-a0c0b0-aa |
| 856 | 4 | 2 |
_3Publisher description _uhttp://www.loc.gov/catdir/description/cam021/00058337.html |
| 856 | 4 | 1 |
_3Table of contents _uhttp://www.loc.gov/catdir/toc/cam027/00058337.html |
| 856 | 4 | 2 |
_3Contributor biographical information _uhttp://www.loc.gov/catdir/enhancements/fy0710/00058337-b.html |
| 906 |
_a7 _bcbc _corignew _d1 _eocip _f20 _gy-gencatlg |
||
| 942 |
_2ddc _cBK |
||
| 999 |
_c14560 _d14560 |
||